000 00837nam a2200229 a 4500
001 63427
003 BD-RjUL
005 20211209081209.0
008 170130s2009 bg ||||| |||| 00| p ben d
020 _a9789848802168
_c: Tk. 60.00
035 _a(BD-RjUL)63556
040 _aBD-RjUL
_bben
_cBD-RjUL
041 _aben
082 _223
_a891.441
_bKHS 2009
100 _aখালিদ-আল-আজম, মো :
_9188696
245 1 0 _aসুখের দুয়ারে কষ্টের বিবির্ণ অভিষেক /
_cমো : খালিদ-আল-আজম
260 _aঢাকা :
_bসিঁড়ি প্রকাশন,
_c২০০৯
300 _a৪৮ পৃ. ;
_c২৩ সেমি.
650 _aবাংলা কবিতা
_9179513
650 _aBengali Poetry
_9179514
942 _2ddc
_cBK
999 _c63427
_d63427